=LDR 00000nam 2200000 4500 =001 INLIS000000000009142 =005 20200205080346 =035 ##$$a 0010-061300000009142 =008 200205###########################0###### =041 ##$$a Ind =082 ##$$a 005.369 =090 ##$$a 005.369, Tos-b =100 ##$$a Tosin, Rijanto =245 1#$$a Berani berkarier bersama Rito, pengenalan dan pemakaian komputer, Tosin, Rijanto =260 ##$$a 1995 :$b Jakarta =300 ##$$a 146 hlm., ilus., 21 cm =650 #4$$a Komputer =850 ##$$a NBPNMAT =020 ##$$a 979-552-188-8 =990 ##$$a DW00023684 =990 ##$$a DW00023690 =990 ##$$a DW00023691 =990 ##$$a 1201353537 =990 ##$$a 1201353537 =990 ##$$a DW00023684 =990 ##$$a DW00023690 =990 ##$$a DW00023691